| 000 | 01083nam a2200349 a 4500 | ||
|---|---|---|---|
| 001 | 21463 | ||
| 003 | CZ PrNK | ||
| 005 | 20260302125950.0 | ||
| 007 | ta | ||
| 008 | 140625s2014 xr a a 000 j slo | ||
| 015 | _acnb002597797 | ||
| 020 |
_a9788074510342 _q(váz.) |
||
| 035 | _a(OCoLC)890261024 | ||
| 040 |
_aBOA001 _bcze _dABA001 |
||
| 041 | 1 |
_aslo _hfre |
|
| 072 | 7 |
_a821-93 _xLiteratura pro děti a mládež (beletrie) _2Konspekt |
|
| 080 |
_a821-32 _2MRF |
||
| 080 |
_a821-93 _2MRF |
||
| 080 |
_a(0:82-32) _2MRF |
||
| 245 | 0 | 0 |
_aNa gazdovskom dvore / _c[z francúzského originálu ... preložila Viera Gründlerová] |
| 260 |
_aPraha : _bOttovo nakladatelství, _c2014 |
||
| 300 |
_a116 s. : _bbarev. il. ; _c30 cm |
||
| 655 | 7 |
_apříběhy _2czenas |
|
| 655 | 7 |
_apublikace pro děti _2czenas |
|
| 655 | 9 |
_astories _2eczenas |
|
| 655 | 9 |
_achildren's literature _2eczenas |
|
| 765 | 0 | _t21 histoires pour vivre-- Une année à la ferme | |
| 765 | 1 | _tAnnée à la ferme | |
| 901 |
_b9788074510342 _f[1. vyd.] _o20140731 |
||
| 910 | _aABA001 | ||
| 942 |
_2ddc _cKLDE _n0 |
||
| 999 |
_c21463 _d21463 |
||